| 000 | 00571nam a22002057a 4500 | ||
|---|---|---|---|
| 005 | 20201125131224.0 | ||
| 008 | 201125b ||||| |||| 00| 0 eng d | ||
| 020 | _a9780198080367 | ||
| 040 |
_aIN-DiNC _cIN-DiNC |
||
| 041 | _dasm | ||
| 082 |
_a327.54 _bIND |
||
| 245 |
_aIndia's foreign policy: _bretrospect and prospect/ _ced. by Sumit Ganguly |
||
| 250 | _a15th imp. | ||
| 260 |
_aNew Delhi: _bOxford university press, _c2018 |
||
| 300 | _a347p. | ||
| 650 | _aPolitical science | ||
| 650 | _aForeign policy | ||
| 700 |
_aGanguly, Sumit _eEditor |
||
| 942 |
_2ddc _cBK |
||
| 999 |
_c11080 _d11080 |
||